| 000 | 00430nam a22001697a 4500 | ||
|---|---|---|---|
| 003 | NUST - PNEC | ||
| 005 | 20170116180905.0 | ||
| 008 | 150902b xxu||||| |||| 00| 0 eng d | ||
| 020 | _a0029465222 | ||
| 040 | _cLIBRARY | ||
| 082 | _a620.106 KRA | ||
| 100 |
_96581 _aKraut, George P. |
||
| 245 |
_aFluid mechanics for technicians _cGeorge P.Kraut |
||
| 260 | _cc 1992 | ||
| 650 |
_96582 _aFluid mechanics _xME |
||
| 942 |
_2ddc _cBK |
||
| 999 |
_c65067 _d65067 |
||